|
|
|
|
| LEADER |
00850nam a2200229 a 4500 |
| 001 |
000650889 |
| 003 |
CZ BrMZK |
| 005 |
20030311084841.0 |
| 008 |
030203s1982 xr f cze d |
| 040 |
|
|
|a BOA001
|b cze
|c BOA001
|
| 080 |
|
|
|a 802.0:54
|2 MRF
|
| 100 |
1 |
|
|a Herzlík, Bořivoj
|7 jx20071210027
|4 aut
|
| 245 |
1 |
0 |
|a Anglické odborné texty pro posluchače chemie /
|c Bořivoj Herzlík
|
| 250 |
|
|
|a Dotisk 2. vyd.
|
| 260 |
|
|
|a Brno :
|b Univerzita Jana Evangelisty Purkyně,
|c 1982
|
| 300 |
|
|
|a 112 s.
|
| 504 |
|
|
|a Bibliografie na s. 112
|
| 521 |
|
|
|a Určeno pro posluchače přírodovědecké fakulty
|
| 710 |
2 |
|
|a Univerzita J.E. Purkyně v Brně.
|b Přírodovědecká fakulta
|7 kn20010709351
|
| 910 |
|
|
|a BOA001
|b TK-A-0178.591-82
|
| 990 |
|
|
|a BK
|
| 996 |
6 |
|
|b BC-75722
|c TK-A-0178.591-82
|l MZK
|r Sklad / do 24 hodin
|n 0
|w 000650889
|u 000010
|a 1
|e BOA001
|j MZK50
|s P
|